书目信息 |
| 题名: |
世界历史与和谐发展
|
|
| 作者: | 赵土发 著 | |
| 分册: | ||
| 出版信息: | 北京 人民出版社 2006 |
|
| 页数: | 382页 | |
| 开本: | 20cm | |
| 丛书名: | 当代中国马克思主义哲学研究书系 | |
| 单 册: | ||
| 中图分类: | A811.692 | |
| 科图分类: | ||
| 主题词: | 马克思主义--世界史--史学理论--研究 | |
| 电子资源: | ||
| ISBN: | 7-01-005501-7 | |
| 000 | 00793nam0 2200229 450 | |
| 001 | 0960008533 | |
| 005 | 20090929160602.43 | |
| 010 | @a7-01-005501-7@dCNY25.00 | |
| 100 | @a19961012d2006 ekmy0chiy0120 ea | |
| 101 | 0 | @achi |
| 102 | @aCN@b110000 | |
| 105 | @ay z 000yy | |
| 200 | 1 | @a世界历史与和谐发展@AShi Jie Li Shi Yu He Xie Fa Zhan@e马克思世界历史理论的当代研究@EMa Ke Si Shi Jie Li Shi Li Lun De Dang Dai Yan Jiu@f赵土发著@FZhao Tu Fa Zhu |
| 210 | @a北京@c人民出版社@d2006 | |
| 215 | @a382页@c图@d20cm | |
| 225 | 2 | @a当代中国马克思主义哲学研究书系 |
| 410 | 0 | @12001 @a当代中国马克思主义哲学研究书系 |
| 606 | 0 | @a马克思主义@x世界史@x史学理论@x研究 |
| 690 | @aA811.692@v4 | |
| 701 | 0 | @a赵土发@AZhao Tu Fa@4著 |
| 801 | 0 | @aCN@b中图数据@c19961012 |
| 905 | @a10447@dA811.692@eJY23 | |
| 世界历史与和谐发展:马克思世界历史理论的当代研究/赵土发著.-北京:人民出版社,2006 |
| 382页:图;20cm.-(当代中国马克思主义哲学研究书系) |
| ISBN 7-01-005501-7:CNY25.00 |
| ● |
| 相关链接 |
|
|
|
|
正题名:世界历史与和谐发展
索取号:A811.692/JY23
 
预约/预借
| 序号 | 登录号 | 条形码 | 馆藏地/架位号 | 状态 | 备注 |
| 1 | 7804942 | 278049425 | 学院路分馆/ [索取号:A811.692/JY23] | 在馆 | |
| 2 | 7804943 | 278049434 | 学院路分馆/ [索取号:A811.692/JY23] | 在馆 |